00566 2200205 4500001002100000005001500021035002000036007000300056008004100059020001500100082001100115084001700126100001800143245009500161250001100256260004100267300002500308700001800333990000900351INLIS00000000001246520220630104754 a0010-0622000975ta220630 g 0 ind  a9793357207 a639.31 a639.31 KHA p0 aKHAIRUMAN, sp1 aPembenihan & pembesaran gurami :bSecara intensif /cKhiruman, SP & Ir. khairul Amri, S.Pi acet. 1 aJakarta :bAgro Media Pustaka,c2005 avi, 122 hlm ;c19 cm0 aKHAIRUL, amri a837a